000 00715nam a2200289Ia 4500
005 20260324153301.0
008 008 260324s9999 xx 000 0 eng d
020 _a9780443191114
037 _aEBOOK
040 _aCRL
040 _beng
040 _cCRL
041 _2eng
041 _aeng
084 _qCRL
100 _aRob de Boer
_91231064
245 0 _aHouse Dust Mites: Natural History, Control and Research Techniques
260 _bElsevier
260 _c2023
650 _a Food Sciences
650 _aAgricultural
650 _aBiological
856 _uhttps://www.sciencedirect.com/science/book/9780443191114
942 _cEBOOK
999 _c1842415
_d1842415